00587nam a2200193 a 4500001001300000003000900013005001700022008004100039020002300080082001600103100002200119245009300141260004000234300000900274500003500283650003300318700001600351700002600367nice12345678IN_TiNIC20260116014134.0090109s2007 newa grp 000 0 eng  a9788125031871c26000a954.03bSEN aSengputa, Saswati aTowards FreedombCritcal Essays on Rabindranath Tagore, s Ghare Baire/the Home the World aNew Delhi bOrient Blackswan c2007 a199p aincludes index and biblioraphy aBritish-India History Social1 aShampa, Rpy1 aSharmila, Purkayastha